Nezamestnanosť na Slovensku
Nezamestnanosť je prejavom makroekonomickej nerovnováhy, ktorý pri transformácii z centrálne plánovaného hospodárstva na trhové, na Slovensku nebol oficiálne známy a v súčasnosti tvorí najvážnejší problém hospodárstva. Vývoj nezamestnanosti v podmienkach Slovenskej republiky.
Gespeichert in:
| 1. Verfasser: | |
|---|---|
| Format: | Buchkapitel |
| Sprache: | Slowakisch |
| Schlagworte: | |
| Tags: |
Keine Tags, Fügen Sie das erste Tag hinzu!
|
MARC
| LEADER | 00000nla a2200000 4500 | ||
|---|---|---|---|
| 001 | 0168114 | ||
| 005 | 20221103131542.4 | ||
| 041 | 0 | |a slo | |
| 044 | |a SK | ||
| 245 | 1 | 0 | |a Nezamestnanosť na Slovensku |c Zuzana Stoličná |
| 520 | |a Nezamestnanosť je prejavom makroekonomickej nerovnováhy, ktorý pri transformácii z centrálne plánovaného hospodárstva na trhové, na Slovensku nebol oficiálne známy a v súčasnosti tvorí najvážnejší problém hospodárstva. Vývoj nezamestnanosti v podmienkach Slovenskej republiky. | ||
| 610 | 2 | 0 | |a Slovensko |
| 610 | 2 | 0 | |a nezamestnanosť |
| 610 | 2 | 0 | |a nezamestnaní |
| 610 | 2 | 0 | |a nezamestnanosť dlhodobá |
| 610 | 2 | 0 | |a nezamestnanosť štruktúrna |
| 610 | 2 | 0 | |a kríza hospodárska |
| 610 | 2 | 0 | |a nerovnováha hospodárska |
| 610 | 2 | 0 | |a štatistika |
| 100 | 1 | |a Stoličná, Zuzana | |